书目信息 |
| 题名: |
哲学视野下的科学技术与社会
|
|
| 作者: | 宝胜 著 | |
| 分册: | ||
| 出版信息: | 沈阳 东北大学出版社 2014.08 |
|
| 页数: | 240页 | |
| 开本: | 23cm | |
| 丛书名: | ||
| 单 册: | ||
| 中图分类: | N02-53 , B0-53 | |
| 科图分类: | ||
| 主题词: | 技术哲学--文集--ji shu zhe xue , 社会哲学--文集--she hui zhe xue | |
| 电子资源: | ||
| ISBN: | 978-7-5517-0656-8 | |
| 000 | 01015nam0 2200253 450 | |
| 001 | 4079 | |
| 005 | 20161212163237.39 | |
| 010 | @a978-7-5517-0656-8@dCNY45.00 | |
| 100 | @a20140917d2014 em y0chiy50 ea | |
| 101 | 0 | @achi |
| 102 | @aCN@b210000 | |
| 105 | @ak a 000yy | |
| 200 | 1 | @a哲学视野下的科学技术与社会@f宝胜著@Azhe xue shi ye xia de ke xue ji shu yu she hui |
| 210 | @a沈阳@c东北大学出版社@d2014.08 | |
| 215 | @a240页@d23cm | |
| 320 | @a有书目 | |
| 330 | @a全书共分上、下两篇内容。上篇为科学技术哲学基本问题研究。内容包括科学与非科学的划界问题, 科学价值的哲学探索, 简单性和复杂性及其相互关系的哲学思考等, 下篇为科学技术与社会专题研究, 内容包括全面建设小康社会的科技发展战略问题, 科技进步与人民利益的实现, 科技活动的社会组织形式等内容。 | |
| 606 | 0 | @a技术哲学@j文集@Aji shu zhe xue |
| 606 | 0 | @a社会哲学@j文集@Ashe hui zhe xue |
| 690 | @aN02-53@v5 | |
| 690 | @aB0-53@v5 | |
| 701 | 0 | @a宝胜@4著@Abao sheng |
| 801 | 0 | @aCN@b大连网信软件有限公司图书馆·11@c20161212 |
| 905 | @aZUCC@dN02-53@e212 | |
| 哲学视野下的科学技术与社会/宝胜著.-沈阳:东北大学出版社,2014.08 |
| 240页;23cm |
| ISBN 978-7-5517-0656-8:CNY45.00 |
| 全书共分上、下两篇内容。上篇为科学技术哲学基本问题研究。内容包括科学与非科学的划界问题, 科学价值的哲学探索, 简单性和复杂性及其相互关系的哲学思考等, 下篇为科学技术与社会专题研究, 内容包括全面建设小康社会的科技发展战略问题, 科技进步与人民利益的实现, 科技活动的社会组织形式等内容。 |
| ● |
| 相关链接 |
|
|
|
|
正题名:哲学视野下的科学技术与社会
索取号:N02-53/212
 
预约/预借
| 序号 | 登录号 | 条形码 | 馆藏地/架位号 | 状态 | 备注 |
| 1 | 908827 | 209088271 | 第二样本阅览室/ [索取号:N02-53/212] | 在馆 | |
| 2 | 908828 | 209088280 | 第三借阅区/ [索取号:N02-53/212] | 在馆 | |
| 3 | 908829 | 209088299 | 第三借阅区/ [索取号:N02-53/212] | 在馆 | |
| 4 | 908830 | 209088306 | 第三借阅区/ [索取号:N02-53/212] | 在馆 | |
| 5 | 908831 | 209088315 | 第三借阅区/ [索取号:N02-53/212] | 在馆 |